| 000 | 00441nam a22001457a 4500 | ||
|---|---|---|---|
| 008 | 230306b |||||||| |||| 00| 0 eng d | ||
| 020 | _a9966530950 | ||
| 050 |
_aKD1554 _b.O36 2021 |
||
| 100 | _aRiungu-Koyier, Catherine Karimi | ||
| 245 |
_aContract law/ _cCatherine Karimi Riungu-Koyer & Moronge Lereko Obonyo |
||
| 260 |
_aNairobi, Kenya _bLawAfrica _c2021 |
||
| 300 | _axlix, 291p. | ||
| 700 | _aObonyo, Moronge Lereko | ||
| 942 |
_2lcc _cBK |
||
| 999 |
_c20019 _d20018 |
||